000 00767cam a2200157 4500500
005 20260111093032.0
041 _afre
042 _adc
100 1 0 _aSchmid, Lucile
_eauthor
245 0 0 _aAfrique contemporaine no 253, La Pensée no 281, Projet no 351
260 _c2016.
500 _a72
520 _aLa régulation du secteur du livre, en France, est simple et efficace : l’éditeur fixe le prix du livre, tandis qu’un mécanisme de médiation permet au marché de s’adapter au numérique. Ce modèle pourrait servir au secteur audiovisuel et réfuter les dogmes du libéralisme.
786 0 _nEsprit | Mai | 5 | 2016-05-10 | p. 121m-159m | 0014-0759
856 4 1 _uhttps://shs.cairn.info/revue-esprit-2016-5-page-121m?lang=fr&redirect-ssocas=7080
999 _c1625180
_d1625180